000 00629nam a2200229 i 4500
001 14600
003 ES-MaACL
005 20260209164527.0
007 t|
008 990429s1998 sp f |||| | spa d
020 _a84-03-59926-9
080 _a821.134.2-992"19"
080 _a916(0:82)
100 1 _aReverte, Javier,
_d1944-2020
_978353
245 1 0 _aVagabundo en África /
_cJavier Reverte.
250 _a8ª ed.
260 _aMadrid :
_bAguilar,
_c1998.
300 _a494 p., [32] p. de lám. ;
_c25 cm.
651 4 _aÁfrica-
_xDescripción
_97593
852 _aES-MaACL
_jL-21811
999 _c14600
_d14600